00635nam a22002057a 450000500170000001000150001702000260003203500130005803700130007108200150008424501190009926000300021827000680024830000230031649000190033950000190035870000160037770000190039370000170041220140724124907.0 aENG-110068 a9789380607726c895.00 aEN-93601 bDBAD/PUB a338.479154 aContemporary trends in tourism and hospitality management /cedited by Ashok Aima, Vinay Chauhan [and] Jaya Bhasin aDelhibPrimus Booksc2014 aVirat Bhavan, Mukherjee Nagar Commercial ComplexbDelhie110009 ax,190p. c24cm(Hb) aJU - PB series aIncludes index aAima, Ashok aChauhan, Vinay aBhasin, Jaya